00899agaaa2200241 45000010005000000030009000050050017000140070009000310080040000400400023000800410013001031000048001161300032001642450129001962500022003252600085003473000034004325200027004665380016004935460013005096500075005227000060005975047IT-RoPAU20220918181310.0d cvaizq50131s9999||||xx ||| | || ||und|| aIT-RoPAUcIT-RoPAU aITALIANO aVezzani LorenzogCodice regista SPICS: 1405 aMONTAGGIO PUBBLICITA' TV 58 aMONTAGGIO PUBBLICITA' TV 58cDiretto da: Vezzani LorenzopMONTAGGIO PUBBLICITA' TV 58 (Rif. Codice opera principale : B5047) aEdizione Standard aROMA (ITALIA)bSPICS RECORDS / c"1992 (1° ed.: 1992 ; Ed. Lingua Orig.: 1992)" aVHSbsonoro, col.c120 minuti aSPOT PUBBLICITARI 1992 aPAL, STEREO aITALIANO aSPOT-TVeTV-PROGRAMMI DI PUBBLICITA' [VHS]xCodice MATERIA SPICS: 9968 aVezzani Lorenzo e(regista)gCodice regista SPICS: 1405